| 000 | 00463nam a2200157 i 4500 | ||
|---|---|---|---|
| 001 | 101396 | ||
| 003 | ES-MaACL | ||
| 005 | 20230906182905.0 | ||
| 007 | t| | ||
| 008 | 051018s1912 fr ||||1| fre d | ||
| 100 | 1 |
_aMaurras, Charles. _979271 |
|
| 245 | 1 | 0 |
_aTrois idées politiques, Chateaunbriand, Michelet, Sainte-Beuve / _cpar Charles Maurras. |
| 250 | _a3ª ed. | ||
| 260 |
_aParis : _bLibr. anc. Honoré Champion, _c1912. |
||
| 852 |
_aES-MaACL _jT-1407-F-5 |
||
| 999 |
_c101396 _d101396 |
||